LEADER 03674nam 2200637Ia 450 001 9910452159703321 005 20200520144314.0 010 $a1-281-15887-9 010 $a9786611158873 010 $a0-19-803400-8 010 $a0-19-972431-8 010 $a1-4356-0950-6 035 $a(CKB)1000000000479860 035 $a(EBL)415471 035 $a(OCoLC)437093767 035 $a(SSID)ssj0000188170 035 $a(PQKBManifestationID)11180635 035 $a(PQKBTitleCode)TC0000188170 035 $a(PQKBWorkID)10152252 035 $a(PQKB)10175700 035 $a(MiAaPQ)EBC415471 035 $a(Au-PeEL)EBL415471 035 $a(CaPaEBR)ebr10197103 035 $a(CaONFJC)MIL115887 035 $a(EXLCZ)991000000000479860 100 $a20060608d2007 uy 0 101 0 $aeng 135 $aur|n|---||||| 181 $ctxt 182 $cc 183 $acr 200 00$aKrishna$b[electronic resource] $ea sourcebook /$fedited by Edwin F. Bryant 210 $aNew York $cOxford University Press$d2007 215 $a1 online resource (590 p.) 300 $aDescription based upon print version of record. 311 $a0-19-514892-4 311 $a0-19-514891-6 320 $aIncludes bibliographical references. 327 $aContents; Contributors; Introduction; PART I: Classical Source Material; 1. Krishna in the Mahabharata: The Death of Karna; 2. Krishna in the Bhagavad Gita; 3. The Harivamsa: The Dynasty of Krishna; 4. Krishna in the Tenth Book of the Bhagavata Purana; PART II: Regional Literary Expressions; 5. Orissa: Shri Krishna Jagannatha: The Mushali-parva from Sarala's Mahabharata; 6. Assam: Shankaradeva's Parijata Harana Nata; 7. Tamil Nadu: Weaving Garlands in Tamil: The Poetry of the Alvars; 8. Maharashtra: Games with God: Sakhya-bhakti in Marathi Sant Poetry; 9. Braj: Fishing in Sur's Ocean 327 $a10. Rajasthan: Mirabai and Her Poetry11. Gujarat: Govinda's Glory: Krishna-Lila in the songs of Narasinha Mehta; 12. Sanskrit from Tamil Nadu: At Play in the Forests of the Lord: The Gopalavimshati of Vedantadeshika; PART III: Philosophy and Theology; 13. Krishna in Advaita Vedanta: The Supreme Brahman in Human Form; 14. Ramanuja and the Meaning of Krishna's Descent and Embodiment on This Earth; 15. Madhva Vedanta and Krishna; 16. The Six Sandarbhas of Jiva Gosvami; 17. A Selection from the Bhaktirasamritasindhu of Rupa Gosvamin: The Foundational Emotions (Sthayi-bhavas) 327 $a18. The Divine Feminine in the Theology of KrishnaPART IV: Hagiography and Praxis; 19. Kumbhandas: The Devotee as Salt of the Earth; 20. The Bade Shikshapatra: A Vallabhite Guide to the Worship of Krishna's Divine Images; 21. Vaishnava Pilgrimage: Select Puranic Texts; 22. Chaitanya Vaishnavism and the Holy Names 330 $aContributors: Vidyut Aklujkar, Paul Arney, Richard Barz, Neelima Shukla Bhatt, Edwin F. Bryant, Francis X. Clooney, S.J., Satyanarayana Dasa, Neal Delmonico, David Haberman, John Stratton Hawley, Alf Hiltebeitel, Steven P. Hopkins, Ekkhard Lorenz, Nancy Martin, Robert N. Minor, Bijoy M. Misra, Vasudha Narayanan, Lance E. Nelson, Graham Schweig, Deepak Sharma, Paul Sherbow, William L. Smith 606 $aKrishna (Hindu deity)$vLiterary collections 606 $aDevotional literature, Indic 608 $aElectronic books. 615 0$aKrishna (Hindu deity) 615 0$aDevotional literature, Indic. 676 $a294.5/2113 701 $aBryant$b Edwin F$g(Edwin Francis),$f1957-$0919919 801 0$bMiAaPQ 801 1$bMiAaPQ 801 2$bMiAaPQ 906 $aBOOK 912 $a9910452159703321 996 $aKrishna$92063382 997 $aUNINA LEADER 04031nam 2200709Ia 450 001 9910144131703321 005 20200520144314.0 010 $a0-470-44743-5 010 $a1-281-81468-7 010 $a9786611814687 010 $a1-118-26790-7 010 $a0-470-40939-8 035 $a(CKB)1000000000554280 035 $a(EBL)362164 035 $a(SSID)ssj0000125543 035 $a(PQKBManifestationID)11136736 035 $a(PQKBTitleCode)TC0000125543 035 $a(PQKBWorkID)10027995 035 $a(PQKB)11599129 035 $a(Au-PeEL)EBL362164 035 $a(CaPaEBR)ebr10296388 035 $a(CaSebORM)9780470317235 035 $a(MiAaPQ)EBC362164 035 $a(OCoLC)775437910 035 $a(PPN)241282004 035 $a(EXLCZ)991000000000554280 100 $a20080604d2008 uy 0 101 0 $aeng 135 $aur|n|---||||| 181 $ctxt 182 $cc 183 $acr 200 10$aCommodity modeling and pricing$b[electronic resource] $emethods for analyzing resource market behavior /$fPeter V. Schaeffer 205 $a1st edition 210 $aHoboken, NJ $cWiley$dc2008 215 $a1 online resource (312 p.) 225 1 $aWiley finance 300 $aDescription based upon print version of record. 311 $a0-470-31723-X 320 $aIncludes bibliographical references and index. 327 $aCommodity Modeling and Pricing: Methods for Analyzing Resource Market Behavior; Contents; Preface; Acknowledgments; Part I: Dynamics of Commodity Price Behavior; Chapter 1: Indirect Inference and Long Memory; Chapter 2: Procyclicality of Primary Commodity Prices; Chapter 3: Nonlinear Features of Comovements between Commodity Prices and Inflation; Chapter 4: The Oil Price and the Dollar Reconsidered; Part II: Inventory Dynamics and Price Behavior; Chapter 5: Time-Varying Ratios of Primary and Scrap Metal Prices; Chapter 6: Metal Prices and the Supply of Storage 327 $aChapter 7: Testing for Temporal Asymmetry in the Metal Price-Stock RelationshipChapter 8: Do Fluctuations in Wine Stocks Affect Wine Prices?; Part III: Dynamics of Resource Markets; Chapter 9: Dynamic Quadratic Programming in Process Control; Chapter 10: Pollution Taxes and Price Control in the U. S. Coal Market; Chapter 11: A Forecasting Simulation of Coal in Indonesia's Energy Future; Chapter 12: Structural Decomposition Analysis of Changes in Material Demand in the U.S. Economy; Part IV: Environmental Resource Dynamics; Chapter 13: Linking Trade and the Environment in China 327 $aChapter 14: Critical Needs in China's Water ResourcesChapter 15: Public Input in Rural Land Preservation; Chapter 16: African Women in Mining Partnerships; Epilogue: Conclusions and Perspective; List of Contributors; Index 330 $aCommodity Modeling and Pricing provides extensions and applications of state-of-the-art methods for analyzing resource commodity behavior. Drawing from the seminal work of Professor Walter Labys on the development of econometric methods for forecasting commodity prices, this collection of essays features expert contributors ranging from practitioners in private industry, public sector, and nongovernmental organizations to scholars in higher education-all of whom were Labys's former students or collaborators. Filled with in-depth insights and expert advice, Commodity Modeling and Pric 410 0$aWiley finance series. 606 $aCommodity exchanges$xMathematical models 606 $aPrimary commodities$xPrices 606 $aPrices$xMathematical models 615 0$aCommodity exchanges$xMathematical models. 615 0$aPrimary commodities$xPrices. 615 0$aPrices$xMathematical models. 676 $a332.6328 676 $a332.64/4 686 $aQK 650$2rvk 700 $aSchaeffer$b Peter V$0845865 801 0$bMiAaPQ 801 1$bMiAaPQ 801 2$bMiAaPQ 906 $aBOOK 912 $a9910144131703321 996 $aCommodity modeling and pricing$91888739 997 $aUNINA